Guess the Ariana Grande Music Video by Picture - Statistics

General Stats
  • This quiz has been taken 142 times
  • The average score is 12 of 16
Answer Stats
Picture Answer % Correct
no tears left to cry
97%
we can't be friends (wait for your love)
92%
Break Free
90%
Problem
90%
positions
88%
34+35
83%
Into You
77%
One Last Time
76%
break up with your girlfriend, i'm bored
75%
Put Your Hearts Up
72%
boyfriend
71%
Everyday
71%
breathin
67%
God is a woman
63%
MONOPOLY
58%
Right There
53%
No matching quizzes found
Score Distribution
Percent of People with Each Score
Percentile by Number Answered
Your Score History
You have not taken this quiz